Tables to facilitate the necessary calculations in nautical astronomy : more particularly intended to enable navigators to determine their longitude from lunar observations ... /
Saved in:
| Main Author: | |
|---|---|
| Format: | Book |
| Language: | English |
| Published: |
New York :
Printed for the author, and sold by William Hooker [etc.],
1821.
|
| Series: | Harvard College Library history of science project ;
00487. |
| Subjects: | |
| Tags: |
Add Tag
No Tags, Be the first to tag this record!
|
| LEADER | 01219cam a2200265Ia 4500 | ||
|---|---|---|---|
| 001 | 006661663-8 | ||
| 005 | 20020606163548.3 | ||
| 008 | 911106s1821 nyu 000 0 eng d | ||
| 035 | 0 | |a ocm24692708 | |
| 040 | |a NHC |c NHC |d HLS |d HMM | ||
| 050 | 4 | |a VK563 |b .S79 | |
| 090 | |a VK563 |b .S79 | ||
| 100 | 1 | |a Stansbury, Daniel. | |
| 245 | 1 | 0 | |a Tables to facilitate the necessary calculations in nautical astronomy : |b more particularly intended to enable navigators to determine their longitude from lunar observations ... / |c by Daniel Stansbury. |
| 260 | |a New York : |b Printed for the author, and sold by William Hooker [etc.], |c 1821. | ||
| 300 | |a xvi, xv-cxi, 339 p. ; |c 28 cm. | ||
| 500 | |a "To which is prefixed, an explanation of the tables, with examples for the use of them, and of the Nautical Almanac: comprising various methods of finding the longitude, the latitude, and the variations of the compass, from celestial observations." | ||
| 650 | 0 | |a Navigation |v Tables. | |
| 650 | 0 | |a Nautical astronomy. | |
| 651 | 0 | |a Moon |v Tables. | |
| 655 | 7 | |a Tables. |2 fast | |
| 655 | 7 | |a Tables. |2 fast |0 (OCoLC)fst01423914 | |
| 830 | 0 | |a Harvard College Library history of science project ; |v 00487. |5 mmf | |
| 988 | |a 20020608 | ||
| 906 | |0 OCLC | ||


